[Event "Rome Elo op 3rd"]
[Site "Rome"]
[Date "2009.04.08"]
[Round "5"]
[White "Sicilia, Antonino"]
[Black "Belli, Alessandro"]
[Result "0-1"]
[WhiteElo "1410"]
[BlackElo "1517"]
[PlyCount "62"]
[EventDate "2009.03.11"]
[EventType "swiss"]
[EventRounds "6"]
[EventCountry "ITA"]
[SourceTitle "EXT 2011"]
[Source "ChessBase"]
[SourceDate "2010.11.26"]
[SourceVersion "1"]
[SourceVersionDate "2010.11.26"]
[SourceQuality "1"]

1. Nf3 Nf6 2. b3 e6 3. Bb2 d5 4. e3 Nbd7 5. d4 Bd6 6. Bd3 0-0 7. 0-0 Ne4 8. Nbd2 f5 9. a3 a5 10. c4 c6 11. c5 Bc7 12. a4 Rf6 13. Bxe4 fxe4 14. Ne5 Rh6 15. g3 Bxe5 16. dxe5 Nxc5 17. Bc3 Nd3 18. f3 Qg5 19. f4 Qg6 20. Qe2 c5 21. Qg2 Qg4 22. Rad1 Bd7 23. Nb1 Bc6 24. Bd2 b6 25. Na3 Rf8 26. Nc2 Rf5 27. h4 Rg6 28. Kh2 Rh5 29. Rg1 Rgh6 30. Be1 Nxe1 31. Rdxe1 Rxh4+ 0-1

[Event "Rome Elo op 3rd"]
[Site "Rome"]
[Date "2009.03.18"]
[Round "2"]
[White "Sicilia, Antonino"]
[Black "Mazza, Maurizio"]
[Result "0-1"]
[WhiteElo "1410"]
[BlackElo "1711"]
[PlyCount "68"]
[EventDate "2009.03.11"]
[EventType "swiss"]
[EventRounds "6"]
[EventCountry "ITA"]
[SourceTitle "EXT 2011"]
[Source "ChessBase"]
[SourceDate "2010.11.26"]
[SourceVersion "1"]
[SourceVersionDate "2010.11.26"]
[SourceQuality "1"]

1. Nf3 d5 2. d4 Nf6 3. Nbd2 Bf5 4. e3 Nbd7 5. c4 e6 6. c5 c6 7. b4 Be7 8. h3 0-0 9. Ne5 Nxe5 10. dxe5 Ne4 11. Nxe4 Bxe4 12. Bd3 Bxg2 13. Rh2 Be4 14. Be2 a5 15. Bd2 Qc7 16. Bc3 axb4 17. Bd4 Qa5 18. Kf1 Bxc5 19. Bb2 Be7 20. h4 c5 21. f3 Bf5 22. Kf2 c4 23. e4 dxe4 24. Bxc4 Rfd8 25. Qe2 Bc5+ 26. Kg3 e3 27. Rg2 Rd2 28. Qf1 Rad8 29. Bb3 Rxg2+ 30. Qxg2 Rd2 31. Qf1 Rxb2 32. Bc4 Qc7 33. Rd1 Rf2 34. Qe1 Qxe5+ 0-1